000
00251nam a2200097Ia 4500
001
1214112
005
20250827024526.0
008
250824s9999 xx 000 0 und d
245
0
_a
HAYAT DÜRBÜNÜMDE KIRK SENE
_c
AYŞE KULİN
260
_b
EVEREST YAYIN
999
_c
1214112
_d
1214112